000 00812nam a22002177a 4500
999 _c12294
_d12294
003 AR-CdUCM
008 190408b ||||| |||| 00| 0 spa d
040 _aMUNICIPALIDAD PROVINCIAL DEL CUSCO
_cBIBLIOTECA MUNICIPAL DEL CUSCO
082 _aC / 869.5 /
_bH55
100 _aHernandez, Jose Alfredo
_96245
245 _aMiscelanea antigual :
_bciudad de los reyes /
260 _aLima :
_bLumen,
_c1947.
300 _a102 páginas ;
_bImagen.
_c19 cm.
505 _aEl demonio en la historia del Perú -- Sobre las aguas sagradas de lago Titi caca -- Las muy imperiales señoras Coyas reinas -- El tríplice paisaje peruano...
650 _aDemonio.
_930085
650 _aTiti Caca.
_930086
650 _aPerú.
_935
650 _aCostumbres peruanas.
_930087
942 _2ddc
_cLIBROS
945 _awfj
_d2019-04-08